Music : An appreciation

Contents: Elements; The middle ages and renaissance; The baroque period; The classical period...

Сохранить в:
Библиографические подробности
Главный автор: Kamien, Roger
Формат:
Язык:Undetermined
Опубликовано: New York McGraw-Hill 1994
Предметы:
Метки: Добавить метку
Нет меток, Требуется 1-ая метка записи!
Thư viện lưu trữ: Trung tâm Học liệu Trường Đại học Cần Thơ
LEADER 00630nam a2200217Ia 4500
001 CTU_186740
008 210402s9999 xx 000 0 und d
082 |a 780 
082 |b K15 
100 |a Kamien, Roger 
245 0 |a Music : 
245 3 |b An appreciation 
245 0 |c Roger Kamien 
260 |a New York 
260 |b McGraw-Hill 
260 |c 1994 
520 |a Contents: Elements; The middle ages and renaissance; The baroque period; The classical period... 
650 |a Music,Âm nhạc 
650 |x Appreciation,Đánh giá cao 
904 |i Giang 
980 |a Trung tâm Học liệu Trường Đại học Cần Thơ